000 00532nam a22001817a 4500
003 LK-CoMWRAF
005 20240319112317.0
008 240211b1994 |||||||| |||| 00| 0 eng d
040 _aLK-CoMWRAF
_dLK-CoMWRAF
_eLK-CoMWRAF
041 _aeng
082 _a362.57
_bMAL
100 _aMallac, Guy De
245 _aRemedies to mass poverty :
_ba plea for a global anti-poverty campaign
260 _aMadurai :
_bValliammal institution,
_c1994
300 _a40 p.
_bBibliography included
650 _aPOVERTY ALLEVIATION
942 _cBK
999 _c4739
_d4739